Cyber de Châtelet-les-Halles - Statistiques

Statistiques générales
  • Ce quiz a été pris 5 fois
  • Le résultat moyen est 4 sur 13
Statistiques - réponses
Numéro Nom % Correct
9 Bulma
100%
11 Davinhor
67%
10 Abd
33%
12 Grace Mbizi
33%
8 KingKrtl
33%
5 Lxny
33%
1 Polska
33%
4 Samykiing
33%
7 Wendless
33%
3 Iambillies
0%
6 Ruby Nikara
0%
13 Shattadu77
0%
2 Tootatis
0%
Aucun quiz correspondant
Distribution des résultats
% des personnes avec chaque résultat
Percentile par nombre de réponses
Votre historique - résultats
Vous n’avez pas pris ce quiz